Gaming Quiz

Random Gaming or Video Games Quiz

Video Game Intros (8-Bit & 16-Bit) Quiz Stats

Quiz Updated Aug 11, 2016

Also try: '90s Video Games
Challenge
Share
Tweet
Score 0/26 Timer 15:00
2 Plays Today
# Title of Game % Correct
1Pac-Man
98.5%
2Donkey Kong
97.1%
5Duck Hunt
90%
26Pokémon Red Version
77.9%
18Star Fox
73.9%
4Dig Dug
71.8%
3Q*Bert
69.7%
23Sonic the Hedgehog 3
66.9%
9Mega Man 2
65.9%
10Prince of Persia
65%
22Super Metroid
62.3%
20Mortal Kombat II
62.2%
11Lemmings
62.1%
# Title of Game % Correct
21Final Fantasy VI
59.4%
17Ecco the Dolphin
55.8%
12Street Fighter II
55.5%
25Chrono Trigger
47.9%
24Super Mario World 2: Yoshi's Island
46.4%
16Super Castlevania IV
42.7%
14Bomberman II
41.5%
15Streets of Rage
36%
8Altered Beast
32.4%
13Zero Wing
24.5%
7Blaster Master
18.9%
19Link: The Faces of Evil
17.2%
6Dragon Warrior III
10.5%

You're not logged in!

Compare scores with friends on all Sporcle quizzes.
Sign Up with Email
OR
Log In

You Might Also Like...

Show Comments

Extras

Top Quizzes Today


Score Distribution

Your Account Isn't Verified!

In order to create a playlist on Sporcle, you need to verify the email address you used during registration. Go to your Sporcle Settings to finish the process.